| 000 | 00649nam a2200229Ia 4500 | ||
|---|---|---|---|
| 001 | 11250 | ||
| 005 | 20240113235303.0 | ||
| 007 | ta | ||
| 008 | 050810s a g b000 u ben u | ||
| 040 | _aCotton College Assam | ||
| 041 | _aben | ||
| 082 |
_a891.4409 _bB 223 P |
||
| 100 | _aBandopadhya, A.K.. | ||
| 245 | 0 |
_aPrachin Bangali O Bangla Sahitya / _cAshit Kumar Bandopadhya. _hTextual Documents |
|
| 250 | _a1st ed / | ||
| 260 |
_aCalcutta : _bProgressive Publishers , _cNd. |
||
| 300 |
_a115p. : _bill. ; _c21cm. . |
||
| 653 | _aBengali Literature-Critical Study | ||
| 942 |
_2ddc _cBK |
||
| 999 |
_c11237 _d11237 |
||